000 00674nam a2200289Ia 4500
005 20260324133616.0
008 008 260324s9999 xx 000 0 eng d
020 _a9781315256757
037 _aEBOOK
040 _aCRL
040 _beng
040 _cCRL
041 _2eng
041 _aeng
084 _qCRL
100 _aJo Eldridge Carney; Carole Levin
_91193721
245 0 _aElizabeth I
245 0 _bAlways Her Own Free Woman
260 _bTaylor and Francis
260 _c2003
365 _a
365 _b220
856 _uhttp://www.taylorfrancis.com/books/9781315256757
942 _cEBOOK
999 _c1792952
_d1792952